Statistics for The Office U.S.

Click here to take the quiz!

General Stats

  • This quiz has been taken 263 times
    (250 since last reset)
  • The average score is 25 of 31

Answer Stats

Question Answer % Correct
Who is the regional manager of the Scranton branch? (season 1-7)Michael Scott
100%
Who does Phyllis marry?Bob Vance
99%
Who starts the fire?Ryan
99%
Which character is a Cornell graduate?Andy
95%
Which character is gay?Oscar
95%
Which actor plays Michael Scott?Steve Carell
93%
Who does Andy propose to in season 4?Angela
93%
Who has a heart attack during Dwight's fake fire?Stanley
93%
Who is the Indian office employee?Kelly
93%
What is Pam's passion?Art
92%
Which character is an alcoholic?Meredith
91%
Who replaces Toby after he goes on a vacation?Holly
91%
What company buys Dunder-Mifflin?Sabre
91%
Who in the office does Michael hate?Toby
91%
Who runs the warehouse?Darryl
90%
Who gets flashed?Phyllis
90%
Which character dyes his hair black with copier ink?Creed
88%
Which character has a gambling problem?Kevin
84%
What does the company "Sabre" sell?Printers
84%
What company does Bob Vance run?Vance Refrigeration
84%
What is the name of Jan's baby?Astrid
81%
What branch does Karen end up running?Utica
79%
Where does Toby go for vacation?Costa Rica
79%
What is th name of Kevin's band?Scrantonicity
66%
What was Jan's ex husband's surname?Gould
64%
What a-cappella group did Andy sing in?Here Comes Treble
62%
Who comes in from corporate to teach diversity?Mr. Brown
60%
During "Diversity Day," what race is written on Kevin's card?Italian
58%
What celebrity does the entire office debate over whether she is hot?Hillary Swank
53%
Which Stamford employee is an ex-convict?Martin
39%
What is written Meredith's birthday card?Happy Bird-Day
24%

Score Distribution

Percentile by Number Answered

Percent of People with Each Score

Your Score History

You have not taken this quiz since the last reset